Normal view MARC view

Entry Personal Name

Number of records used in: 1

001 - CONTROL NUMBER

  • control field: 1165892

003 - CONTROL NUMBER IDENTIFIER

  • control field: OSt

005 - DATE AND TIME OF LATEST TRANSACTION

  • control field: 20260324122307.0

008 - FIXED-LENGTH DATA ELEMENTS

  • fixed length control field: 260324|| aca||aabn | a|a d

040 ## - CATALOGING SOURCE

  • Original cataloging agency: OSt
  • Transcribing agency: OSt

100 ## - HEADING--PERSONAL NAME

  • Personal name: Roberta Capello; Camilla Lenzi

670 ## - SOURCE DATA FOUND

  • Source citation: Work cat.: (OSt)1758510: Roberta Capello; Camilla Lenzi, Territorial Patterns of Innovation
Copyright @ Delhi University Library System